<?xml version="1.0" encoding="UTF-8"?>
<record
    xmlns:xsi="http://www.w3.org/2001/XMLSchema-instance"
    xsi:schemaLocation="http://www.loc.gov/MARC21/slim http://www.loc.gov/standards/marcxml/schema/MARC21slim.xsd"
    xmlns="http://www.loc.gov/MARC21/slim">

  <leader>00971na  a2200277   4500</leader>
  <controlfield tag="001">16247</controlfield>
  <controlfield tag="003">MIRAKIL</controlfield>
  <controlfield tag="005">20181213155027.0</controlfield>
  <controlfield tag="008">161001b        tu            000 0      </controlfield>
  <datafield tag="035" ind1=" " ind2=" ">
    <subfield code="a">16247</subfield>
  </datafield>
  <datafield tag="040" ind1=" " ind2=" ">
    <subfield code="a">Milas</subfield>
    <subfield code="b">tur</subfield>
    <subfield code="c">TR-AnCHP</subfield>
  </datafield>
  <datafield tag="082" ind1=" " ind2=" ">
    <subfield code="a">956.10150922</subfield>
    <subfield code="b">&#x130;52o [196?]</subfield>
  </datafield>
  <datafield tag="090" ind1=" " ind2=" ">
    <subfield code="a">956.10150922 &#x130;52o [196?]</subfield>
  </datafield>
  <datafield tag="100" ind1=" " ind2=" ">
    <subfield code="a">&#x130;nal, Mahmud Kemal</subfield>
    <subfield code="d">1870-1957</subfield>
  </datafield>
  <datafield tag="245" ind1=" " ind2=" ">
    <subfield code="a">Osmanl&#x131; devrinde son sadr&#x131;azamlar</subfield>
    <subfield code="b">Mehmed Esad Safvet-Hayr&#xFC;ddin Pa&#x15F;alar</subfield>
    <subfield code="c">Mahmud Kemal &#x130;nal</subfield>
  </datafield>
  <datafield tag="246" ind1=" " ind2=" ">
    <subfield code="a">Mehmed Esad Safvet-Hayr&#xFC;ddin Pa&#x15F;alar</subfield>
  </datafield>
  <datafield tag="246" ind1=" " ind2=" ">
    <subfield code="a">Son sadr&#x131;azamlar</subfield>
  </datafield>
  <datafield tag="250" ind1=" " ind2=" ">
    <subfield code="a">4. bs.</subfield>
  </datafield>
  <datafield tag="260" ind1=" " ind2=" ">
    <subfield code="a">&#x130;stanbul</subfield>
    <subfield code="b">Milli E&#x11F;itim Bakanl&#x131;&#x11F;&#x131;</subfield>
    <subfield code="c">[196?]</subfield>
  </datafield>
  <datafield tag="300" ind1=" " ind2=" ">
    <subfield code="a">c. "6" (ss. 801-960)</subfield>
    <subfield code="c">24 sm.</subfield>
  </datafield>
  <datafield tag="500" ind1=" " ind2=" ">
    <subfield code="a">K&#xFC;t&#xFC;phanemizde 6. cilt bulunmaktad&#x131;r.</subfield>
  </datafield>
  <datafield tag="650" ind1=" " ind2=" ">
    <subfield code="a">Sadrazamlar</subfield>
    <subfield code="x">Siyasi ya&#x15F;am&#x131;</subfield>
  </datafield>
  <datafield tag="651" ind1=" " ind2=" ">
    <subfield code="a">Osmanl&#x131; &#x130;mparatorlu&#x11F;u</subfield>
    <subfield code="x">Devlet adamlar&#x131;</subfield>
    <subfield code="y">Ya&#x15F;am&#xF6;yk&#xFC;s&#xFC; </subfield>
  </datafield>
  <datafield tag="651" ind1=" " ind2=" ">
    <subfield code="a">Osmanl&#x131; &#x130;mparatorlu&#x11F;u</subfield>
    <subfield code="x">Sadrazamlar</subfield>
    <subfield code="y">Ya&#x15F;am&#xF6;yk&#xFC;s&#xFC; </subfield>
  </datafield>
  <datafield tag="942" ind1=" " ind2=" ">
    <subfield code="2">ddc</subfield>
    <subfield code="c">BKS</subfield>
  </datafield>
  <datafield tag="952" ind1=" " ind2=" ">
    <subfield code="a">0001</subfield>
    <subfield code="b">0001</subfield>
    <subfield code="d">2016-10-01</subfield>
    <subfield code="e">2</subfield>
    <subfield code="h">c.5</subfield>
    <subfield code="l">0</subfield>
    <subfield code="o">956.10150922 &#x130;52o [196?]</subfield>
    <subfield code="p">005148</subfield>
    <subfield code="r">2016-10-01 00:00:00</subfield>
    <subfield code="v">0.00</subfield>
    <subfield code="w">2016-10-01</subfield>
    <subfield code="y">BKS</subfield>
  </datafield>
  <datafield tag="999" ind1=" " ind2=" ">
    <subfield code="c">5083</subfield>
    <subfield code="d">5083</subfield>
  </datafield>
</record>
